000 00538nam a22002057a 4500
003 OSt
005 20140310181759.0
008 130702t xxu||||| |||| 00| 0 eng d
020 _a0886878322
050 _aAG 61
_b.W927 1998
082 _aREF 030
_bW89 1999
245 _aThe World Almanac and book of facts 1999. /
260 _aN.J :
_bWorld Almanac Books q,
_c1999.
300 _a1007 p. :
_c21 cm. :
520 _a1. Almanacs
521 _aBasic ed. students
541 _j1
562 _e1
942 _2lcc
_cBK-GR
_kREF
999 _c3565
_d3565